Movies Quiz

Random Movies or Disney Quiz

Disney Channel Original Movies Quiz Stats

 Plays Quiz not verified by Sporcle

Challenge
Share
Tweet
Embed
Score 0/82 Timer 10:00
0 Plays Today
Year Movie % Correct
2006High School Musical
80%
2007High School Musical 2
76%
1998Halloweentown
65.2%
1999Zenon: Girl of the 21st Century
57.2%
2001The Luck of the Irish
56.9%
2008Camp Rock
55.6%
1998Brink!
55.4%
2004Halloweentown High
55.4%
1999Smart House
54.7%
2003The Even Stevens Movie
53.8%
2001Zenon: The Zequel
50.4%
2001Halloweentown II: Kalabar's Revenge
49.5%
1999The Thirteenth Year
49.3%
2003The Cheetah Girls
48.4%
2009Wizards of Waverly Place: The Movie
47.1%
1999Johnny Tsunami
46%
2004Zenon: Z3
45.7%
2005Twitches
44.6%
2010Camp Rock 2: The Final Jam
44.6%
2006The Cheetah Girls 2
44.2%
2002Cadet Kelly
42.4%
2007Twitches Too
42.1%
2002Double Teamed
41.9%
2006Return to Halloweentown
41.5%
2007Jump In!
41.5%
2002Get a Clue
39%
2009Princess Protection Program
39%
1997Under Wraps
38.8%
Year Movie % Correct
2008The Cheetah Girls: One World
38.1%
2000Quints
37.9%
2004Stuck in the Suburbs
37.9%
2000The Color of Friendship
37.2%
2001Motocrossed
37%
2000Phantom of the Megaplex
35.2%
1999Don't Look Under the Bed
35%
2003Kim Possible Movie: A Sitch in Time
34.5%
2009Hatching Pete
34.1%
2006Read It and Weep
33.8%
2004Pixel Perfect
33%
2000Mom's Got a Date with a Vampire
32.5%
2002Gotta Kick It Up!
32.3%
2000Miracle in Lane 2
31.9%
2006Wendy Wu: Homecoming Warrior
31.9%
2009Dadnapped
31.8%
2005The Proud Family Movie
31.2%
2000Stepsister from Planet Weird
31%
2003Eddie's Million Dollar Cook-Off
31%
1999Horse Sense
30.9%
2000Up, Up, and Away
30.9%
2000Rip Girls
30.3%
2006Cow Belles
30.1%
2005Life is Ruff
30%
1999Can of Worms
29.4%
2000Alley Cats Strike
28.7%
1997Northern Lights
28.3%
2000The Ultimate Christmas Present
28.2%
Year Movie % Correct
2002Tru Confessions
28.2%
2000The Other Me
28%
2010Starstruck
27.8%
2008Minutemen
27.6%
2003Full-Court Miracle
27.4%
2003You Wish!
26.9%
2001Jett Jackson: The Movie
26.5%
2001Jumping Ship
26.4%
2005Now You See It...
26.2%
2004Tiger Cruise
25.8%
2007Johnny Kapahala: Back on Board
24.9%
1999Genius
23.8%
2001Hounded
23.8%
2001The Poof Point
23.8%
1998You Lucky Dog
23.5%
2003Right on Track
23.3%
2002A Ring of Endless Light
22.9%
2005Kim Possible Movie: So the Drama
20.8%
2005Go Figure
20.8%
2001The Jennie Project
19.7%
2001'Twas the Night
19.5%
2002The Scream Team
19.3%
2005Buffalo Dreams
19%
2004Going to the Mat
18.6%
2000Ready to Run
16.2%
2010High School Musical 4: East Meets West
13.9%

You're not logged in!

Compare scores with friends on all Sporcle quizzes.
Join for Free
OR
Log In

You Might Also Like...

Show Comments

Extras

Top Quizzes Today


Score Distribution

Your Account Isn't Verified!

In order to create a playlist on Sporcle, you need to verify the email address you used during registration. Go to your Sporcle Settings to finish the process.

Report this User

Report this user for behavior that violates our Community Guidelines.

Details: